000 00624nam a2200193Ii 4500
003 JO-AjNU
008 230605s9999||||xx |||||||||||||| ||und||
040 _aJO-AjNU
_bara
_erda
_cJO-AjNU
041 _aara
050 1 4 _aT171.5 2005
100 3 _aسعد، سامية جلال,
_eauthor
_944947
245 0 0 _aالادارة البيئة المتكاملة
264 3 1 _aالقاهرة:المنظمة العربية،2005
300 _a344ص
336 _atext
_btxt
_2rdacontent
337 _aunmediated
_bn
_2rdamedia
338 _avolume
_bnc
_2rdacarrier
650 4 _aالبيئة المتكاملة-ادارة
_944948
999 _aA19447
_c23015
_d23015